000 00878nmm a2200277 a 4500
001 ocm000668135
003 TR-IsHL
005 20201028124917.0
008 110704s2007 tu tur
007 cr cn
035 _a668135
_b(N$T)
050 0 4 _aPQ2469.T9
_bD8 2007
090 0 4 _aPQ2469.T9
_bD8 2007
100 1 _aVerne, Jules
245 1 0 _aDünyanın merkezine seyahat
_h[electronic resource] /
_cJules Verne ; haz. Derya Günay
250 _a1. bs.
260 _aİstanbul :
_bBirleşik Yayın Grubu,
_c2007
300 _a136 p.
650 4 _aDil ve Edebiyat
650 4 _aLanguage and Literature
650 0 _aFransız romanı
650 0 _aFrench fiction
650 7 _aLITERARY COLLECTIONS / European / French
_2bisacsh
700 1 _aGünay, Derya
856 4 0 _uhttp://search.ebscohost.com/login.aspx?direct=true&scope=site&db=e011xww&AN=668135
999 _c3202
_d3202